Harcèlement en entreprise : Comprendre, prévenir, agir (notice n° 1983321)
[ vue normale ]
| 000 -LEADER | |
|---|---|
| fixed length control field | 00772cam a2200145 4500500 |
| 005 - DATE AND TIME OF LATEST TRANSACTION | |
| control field | 20260329043135.0 |
| 041 ## - LANGUAGE CODE | |
| Language code of text/sound track or separate title | fre |
| 042 ## - AUTHENTICATION CODE | |
| Authentication code | dc |
| 100 10 - MAIN ENTRY--PERSONAL NAME | |
| Personal name | Bilheran, Ariane |
| Relator term | author |
| 245 00 - TITLE STATEMENT | |
| Title | Harcèlement en entreprise : Comprendre, prévenir, agir |
| 260 ## - PUBLICATION, DISTRIBUTION, ETC. | |
| Name of publisher, distributor, etc. | Armand Colin,<br/> |
| Date of publication, distribution, etc. | 2010.<br/> |
| 520 ## - SUMMARY, ETC. | |
| Summary, etc. | Un guide pratique d’intervention détaillant les réponses jurdiques et psychologiques permettant de gérer les situations de harcèlement: les interlocuteurs à privilégier en interne et à l’extérieur de l’entreprise, les conséquences psychologiques, les sanctions, les voies judiciaires, etc. |
| 700 10 - ADDED ENTRY--PERSONAL NAME | |
| Personal name | Bouyssou, Gilles |
| Relator term | author |
| 856 41 - ELECTRONIC LOCATION AND ACCESS | |
| Uniform Resource Identifier | <a href="https://droit.cairn.info/harcelement-en-entreprise--9782200248406?lang=fr&redirect-ssocas=7080">https://droit.cairn.info/harcelement-en-entreprise--9782200248406?lang=fr&redirect-ssocas=7080</a> |
Pas d'exemplaire disponible.




Réseaux sociaux